00422nam a2200157Ia 4500003000400000005001700004008004000021020001700061040000700078041001200085082001700097100002000114245007800134260004100212300001100253OSt20240606152332.0210210b1990 xxu||||| |||| 00| 0 eng d a0 521 266130 cAL aEnglish a320.954 BRAP aBRASS (Paul R). aPolitics of india since independencebNew cambridge history of india IV 1 aNYbCambridge University Pressc1990 axv,357